header

Principles and practices for a federal statistical agency (Record no. 2090)

MARC details
000 -LEADER
fixed length control field 01788nam a2200385 a 4500
082 04 - DEWEY DECIMAL CLASSIFICATION NUMBER
Classification number 352.7/50973
245 00 - TITLE STATEMENT
Title Principles and practices for a federal statistical agency
250 ## - EDITION STATEMENT
Edition statement 4th ed.
260 ## - PUBLICATION, DISTRIBUTION, ETC. (IMPRINT)
Place of publication Washington, D.C. :
Name of publisher National Academies Press,
Year of publication c2009.
300 ## - PHYSICAL DESCRIPTION
Number of Pages xii, 122 p.
505 0# - FORMATTED CONTENTS NOTE
Formatted contents note pt. 1. Principles and practices for a federal statistical agency -- pt. 2. Commentary.
700 1# - ADDED ENTRY--PERSONAL NAME
Personal name Citro, Constance F.
Personal name Martin, Margaret E.
Personal name Straf, Miron L.
856 40 - ELECTRONIC LOCATION AND ACCESS
Uniform Resource Identifier http://site.ebrary.com/lib/rucke/Doc?id=10286201

No items available.

© 2026 Rongo University
Contact us: librarian | system librarian | Rongo university